Microsoft Visual C++5.0 programmer’s reference set : Complete documentation for Microsoft Visual C++ version 5.0

Contents: v. 1-2. Microsoft Visual C++ MFC library reference (pt. 1-2) -- v. 3. Microsoft Visual C++ run-time library reference -- v. 4. Microsoft Visual C++ language reference.

Na minha lista:
Detalhes bibliográficos
Formato: Livro
Idioma:Undetermined
Publicado em: Redmond, WA Microsoft Press 1997
Assuntos:
Tags: Adicionar Tag
Sem tags, seja o primeiro a adicionar uma tag!
Thư viện lưu trữ: Trung tâm Học liệu Trường Đại học Cần Thơ
LEADER 00755nam a2200193Ia 4500
001 CTU_186714
008 210402s9999 xx 000 0 und d
082 |a 005.268 
082 |b M626/Vol.3 
245 0 |a Microsoft Visual C++5.0 programmer’s reference set : 
245 0 |b Complete documentation for Microsoft Visual C++ version 5.0 
245 0 |c Microsoft Corporation 
260 |a Redmond, WA 
260 |b Microsoft Press 
260 |c 1997 
520 |a Contents: v. 1-2. Microsoft Visual C++ MFC library reference (pt. 1-2) -- v. 3. Microsoft Visual C++ run-time library reference -- v. 4. Microsoft Visual C++ language reference. 
650 |a Microsoft Visual C++ 
904 |i Giang 
980 |a Trung tâm Học liệu Trường Đại học Cần Thơ